Представление документа в формате MARC21

Поле Инд. ПП Название Значение
Тип записи a
Библиографический уровень b
001 Контрольный номер UNIDUBNA5f9190e7c54a4686841ddd160a8dc834
005 Дата корректировки 20260528230358.5
084 a Индекс другой классификации/Индекс ББК 63.3(2)42-99; 63.3(5Мон)4
100 1_ a Автор Бухараев Р.
q Полное имя Бухараев Равиль
245 10 a Заглавие Соловьиный сад Орды
650 04 a Основная рубрика история
653 0_ a Ключевые слова Волжская Булгария
a Ключевые слова Золотая Орда
a Ключевые слова Улус Джучи
773 18 t Заглавие источника Родина
d Дата издания источника 2005
g Прочая информация № 2. - С. 38-43
w Контрольный № источника RU/IS/BASE/163349940
901 t Тип документа b